| 000 | 00908nam a22002657a 4500 | ||
|---|---|---|---|
| 001 | 7668 | ||
| 003 | FISKH | ||
| 005 | 20250730150141.0 | ||
| 008 | 250730b cb ||||| |||| 00| 0 eng d | ||
| 020 | _a9780547370187 | ||
| 040 |
_aFISKH _beng _cFISKH _dFISKH |
||
| 050 | _aPZ8.L72 G | ||
| 082 | _a398.24 | ||
| 100 | _aGaldone, Paul | ||
| 245 |
_aThe little red hen : _bA fork tale classic / _cPaul Galdone |
||
| 260 |
_aBoston : _bHoughton Mifflin Harcourt, _c2001. |
||
| 300 |
_a38 unnumbered pages : _bcolor illustrations ; _c21 cm |
||
| 505 | _aJ | ||
| 520 | _aThe little red hen finds none of her lazy friends willing to help her plant, harvest, or grind wheat into flour, but all are eager to eat the cake she makes from it. | ||
| 521 | 8 |
_a480
_bLexile AD |
|
| 521 | 8 |
_aJ
_bRaz-Plus |
|
| 650 |
_aAnimals _vChildren's literature _xCooperation |
||
| 942 |
_2ddc _cBK _n0 |
||
| 999 |
_c7668 _d7668 |
||